000 00777akm a2200241a 44500
008 030113s2002 cat
041 _acat
080 _a641.1(038)
110 _aValència. Diputació
_971196
245 _a[Hortalisses, carn i embotit, peix i marisc, productes lactis, cereals i llegums, companatge, fruites, fruites seques, diversos, begudes]
_h[tríptic]
_cDiputació de València [et al.].
260 _a[València]
_bDiputació de València [etc.]
_c2002
520 _a114
591 _a7929
592 _aObra terminològica
593 _aKR
594 _a7929
650 _aalimentació
_961930
901 _c[<2002>]
902 _a030113
942 _cMO
_n0
_2ddc
999 _c61974
_d61974